| 000 | 01572cam a22003377i 4500 | ||
|---|---|---|---|
| 001 | 21126102 | ||
| 003 | NUST | ||
| 005 | 20240304125918.0 | ||
| 008 | 190808s2020 nyua b 001 0 eng | ||
| 010 | _a 2019947905 | ||
| 020 |
_a9780500480441 _q(paperback) |
||
| 040 |
_aDLC _beng _erda _cDLC _dDLC |
||
| 050 | 0 | 0 | _aMLCM 2022/46314 (D) |
| 082 |
_a732.5 _bASH |
||
| 245 | 0 | 0 |
_aI am Ashurbanipal : _bking of the world, King of Assyria : the BP exhibition / _cedited by Gareth Brereton. |
| 250 | _aPaperback edition. | ||
| 264 | 1 |
_aNew York, New York : _bThames & Hudson, _c2018. |
|
| 300 |
_a348 pages : _billustrations (some color) ; _c28 cm |
||
| 336 |
_atext _btxt _2rdacontent |
||
| 337 |
_aunmediated _bn _2rdamedia |
||
| 338 |
_avolume _bnc _2rdacarrier |
||
| 500 |
_aMinimal Level Cataloging Plus. _5DLC |
||
| 504 | _aIncludes bibliographical references (pages 284-286) and index. | ||
| 505 | 2 | _aI am Ashurbanipal, king of the world, king of Assyria / Gareth Brereton -- Ashurbanipal's palace at Nineveh / Julian Edgeworth Reade -- Life at court / Paul Collins -- The Assyrian royal hunt / Julian Edgeworth Reade -- Ashurbanipal's library: contents and significance / Irving Finkel. | |
| 600 | 0 | 0 |
_aAshurbanipal, _cKing of Assyria, _dactive 668 B.C.-627 B.C. _vExhibitions. _9121800 |
| 651 | 0 |
_aAssyria _xAntiquities _vExhibitions. _9121801 |
|
| 700 | 1 |
_aBrereton, Gareth, _eeditor. _9121802 |
|
| 906 |
_a7 _bcbc _corignew _d4 _encip _f20 _gy-gencatlg |
||
| 942 |
_2ddc _cBK |
||
| 999 |
_c608540 _d608540 |
||